| 000 | 00457nam a2200157 4500 | ||
|---|---|---|---|
| 001 | 136706 | ||
| 003 | ES-MaACL | ||
| 005 | 20230906195215.0 | ||
| 007 | t| | ||
| 008 | 070214s1965 sp r ||||1| spa d | ||
| 100 | 1 |
_aSagardía, Ángel. _9139049 |
|
| 245 | 1 | 0 |
_aVida y obra de cuatro músicos vascos / _cAngel Sagardía. |
| 260 |
_aMadrid : _bConferencias y Ensayos, _c1965. |
||
| 300 |
_a48 p. : _bil. ; _c17 cm. |
||
| 852 |
_aES-MaACL _j2041-F-4 _bR.56230 |
||
| 999 |
_c136706 _d136706 |
||